000 00434nam a2200169Ia 4500
008 230524s9999 xx 000 0 und d
082 _a621.3804
_bKUL
100 _aM.Kulkarni
_942012
245 0 _aAnalog and Digital Communication Systems
250 _a1
260 _aNew Delhi
_bUmesh Publi.
_c2008
300 _a"XI,984p;"
500 _aQuantity Number: 1
650 _aElectronics
700 _a Farooq Husain
942 _cBK
999 _c56426
_d56426